• 首页
  • 本馆介绍
  • 公告通知
  • 最新文献
  • 馆藏检索
  • 电子资源
  • 读者导购
  • 参考咨询
  • 我的图书馆
  • 登录
  • 详细信息显示
  • 放入我的书架
  • 预约/预借图书
  • 作者相关作品
  • 分类相关作品
  • 丛书相关作品
  • 出版社相关作品

书目信息

  • 表格格式
  • 工作单格式
  • 卡片格式
题名:
清朝二十六后妃
    
 
作者: 徐广源 著
分册: 下  
出版信息: 北京   新世界出版社  2016
页数: 291-578页
开本: 24cm
丛书名:
单 册:
中图分类: K828.5=49
科图分类:
主题词: 后妃--hou fei--列传--中国--清代
电子资源:
ISBN: 978-7-5104-5838-5
000 00843nam0 22002291 450
001 0124140056
005 20170327142102.63
010    @a978-7-5104-5838-5@dCNY34.90 (全2册69.80)
100    @a20160829d2016 em y0chiy50 ea
101 0  @achi
102    @aCN@b110000
105    @aa z 000yc
106    @ar
200 1  @a清朝二十六后妃@9qing chao er shi liu hou fei@h下@f徐广源著
210    @a北京@c新世界出版社@d2016
215    @a291-578页@c图,照片@d24cm
330    @a本书从清朝12个皇帝的230多位后妃中,选出了比较有名的、世人大都知道的、争议和误解比较多的26位后妃,从入宫、升降、死亡、入葬、陵寝及地宫规制、随葬品诸方面进行了全面客观介绍。
606 0  @a后妃@9hou fei@x列传@y中国@z清代
690    @aK828.5=49@v5
701  0 @a徐广源@9xu guang yuan@f(1946~)@4著
801  0 @aCN@bTANGWEI@c20170308
905    @b0961289-91@dK828.5=49@e69:2@f3
    
    清朝二十六后妃.下/徐广源著.-北京:新世界出版社,2016
    291-578页:图,照片;24cm
    
    
    ISBN 978-7-5104-5838-5:CNY34.90 (全2册69.80)
    本书从清朝12个皇帝的230多位后妃中,选出了比较有名的、世人大都知道的、争议和误解比较多的26位后妃,从入宫、升降、死亡、入葬、陵寝及地宫规制、随葬品诸方面进行了全面客观介绍。
●
相关链接 在E读中查询图书 在五车中查询图书 在当当中查询图书 在豆瓣中查询图书


正题名:清朝二十六后妃     索取号:K828.5=49/69:2         预约/预借

序号 登录号 条形码 馆藏地/架位号 状态 备注
1 0961289   209612891   第二样本阅览室/ [索取号:K828.5=49/69:2] 在馆    
2 0961290   209612908   第二借阅区/ [索取号:K828.5=49/69:2] 在馆    
3 0961291   209612917   第二借阅区/ [索取号:K828.5=49/69:2] 在馆    
唐山师范学院图书馆 欢迎您!
大连网信软件有限公司© 版权所有